Statistiques concernant Les 10 meilleurs joueurs de l'histoire de l'équipe de France

Cliquez ici pour prendre le quiz!

Statistiques générales

  • Ce quiz a été pris 320 fois
  • Le résultat moyen est 8 sur 10

Statistiques - réponses

informations complémentairesRéponses% Correct
1994-2006, 108 sélectionsZidane
99%
2017- ajd, 66 sélectionsMbappé
98%
2011- ajd, 120 sélectionsGiroud
92%
1976-1987, 72 sélectionsPlatini
91%
2014- ajd, 117 sélectionsGriezmann
90%
1997-2010,123 sélectionsHenry
90%
2008-2022,145 sélectionsLloris
90%
1994-2008,142 sélectionsThuram
71%
1952-1962, 45 sélectionsKopa
61%
1997-2009,107 sélectionsVieira
48%

Distribution des résultats

Percentile par nombre de réponses

% des personnes avec chaque résultat

Votre développement - résultats

Vous n’avez pas pris ce quiz